| 000 | 00461nam a2200169Ia 4500 | ||
|---|---|---|---|
| 008 | 220803s9999 xx 000 0 und d | ||
| 020 | _a0-517-538466 | ||
| 041 | _aeng | ||
| 082 | _a747.213 EMM | ||
| 100 |
_aEmmerling M E _929404 |
||
| 245 | _aAmerican Country : A Style And Source Book | ||
| 260 |
_aNew York _bClarkson N Potter Inc _c1980 |
||
| 300 | _a292p | ||
| 500 | _aArchitecture | ||
| 650 |
_aInterior Design _929405 |
||
| 700 |
_aEmmerling M E _929404 |
||
| 999 |
_c18426 _d18426 |
||